| 000 -LEADER |
| fixed length control field |
00999nam a22002177a 4500 |
| 001 - CONTROL NUMBER |
| control field |
12455 |
| 003 - CONTROL NUMBER IDENTIFIER |
| control field |
BD-DhUAP |
| 005 - DATE AND TIME OF LATEST TRANSACTION |
| control field |
20201115111452.0 |
| 008 - FIXED-LENGTH DATA ELEMENTS--GENERAL INFORMATION |
| fixed length control field |
201115s20081979bg |||| |||| 000 0 ben d |
| 020 ## - INTERNATIONAL STANDARD BOOK NUMBER |
| International Standard Book Number |
984110434X |
| 040 ## - CATALOGING SOURCE |
| Original cataloging agency |
BD-DhUAP |
| Language of cataloging |
Ben |
| Transcribing agency |
BD-DhUAP |
| Modifying agency |
BD-DhUAP |
| 082 ## - DEWEY DECIMAL CLASSIFICATION NUMBER |
| Edition number |
23 |
| Classification number |
891.4409 HAI |
| 100 ## - MAIN ENTRY--PERSONAL NAME |
| Personal name |
হাই, মুহাম্মদ আবদুল। |
| 245 ## - TITLE STATEMENT |
| Title |
বাংলা সাহিত্যের ইতিবৃত্ত : |
| Remainder of title |
(আধুনিক যুগ) / |
| Statement of responsibility, etc. |
মুহাম্মদ আবদুল হাই এবং সৈয়দ আলী আহসান। |
| 260 ## - PUBLICATION, DISTRIBUTION, ETC. |
| Place of publication, distribution, etc. |
ঢাকা : |
| Name of publisher, distributor, etc. |
আহমদ পাবলিশিং হাউস, |
| Date of publication, distribution, etc. |
c১৯৭৯ [মুদ্রণ ২০০৮]। |
| 300 ## - PHYSICAL DESCRIPTION |
| Extent |
৩৯৭ পৃষ্ঠা ; |
| Dimensions |
২১ সেমি.। |
| 500 ## - GENERAL NOTE |
| General note |
নিঘন্ট সম্বলিত। |
| 650 ## - SUBJECT ADDED ENTRY--TOPICAL TERM |
| Topical term or geographic name entry element |
Bengali literature |
| Form subdivision |
History and criticism. |
| 700 ## - ADDED ENTRY--PERSONAL NAME |
| Personal name |
আহসান, সৈয়দ আলী। |
| 942 ## - ADDED ENTRY ELEMENTS (KOHA) |
| Source of classification or shelving scheme |
|
| Koha item type |
Book |